Seconde Guerre Mondiale vol.2 - Statistiques

Statistiques générales
  • Ce quiz a été pris 79 fois
    57 depuis la dernière actualisation
  • Le résultat moyen est 5 sur 16
Statistiques - réponses
Question Réponse % Correct
Quel dirigeant de la Résistance française fut capturé par la Gestapo et torturé avant d’être exécuté en 1943 ? Jean Moulin
100%
Quel Premier ministre britannique mena le Royaume-Uni tout au long de la Seconde Guerre mondiale après mai 1940 ? Winston Churchill
76%
Quel était le nom de l'opération militaire allemande visant à envahir l'Union soviétique en 1941 ? Opération Barbarossa
59%
Comment s'appelait la force aérienne allemande ? Luftwaffe
48%
Quel était le nom du premier missile balistique opérationnel développé par l’Allemagne nazie ? V2
48%
Quel siège meurtrier imposé par l’armée allemande dura près de 900 jours et causa la mort de centaines de milliers de civils soviétiques ? Siège de Leningrad
37%
Qui était son commandant en chef ? Hermann Göring
22%
Quel était le surnom de Joseph Staline ? Le Petit Père des Peuples
20%
Sous quel nom était connue la police secrète soviétique, ancêtre du KGB, pendant la Seconde Guerre mondiale ? NKVD
20%
Quel char allemand, redouté par les Alliés, fut introduit sur le front en 1942 et joua un rôle majeur dans les batailles de blindés ? Tiger I
20%
Quel accord, signé en 1939 entre l'URSS et l'Allemagne nazie, incluait une clause secrète sur le partage de l’Europe de l'Est ? Pacte Molotov-Ribbentrop
15%
Quel territoire de l’Empire britannique en Asie tomba aux mains des Japonais en février 1942, marquant l’une des plus grandes défaites britanniques ? Singapour
15%
Quel célèbre avion de chasse américain, surnommé "Mustang", joua un rôle clé dans la domination aérienne des Alliés en Europe ? P-51 Mustang
13%
Quel maréchal soviétique dirigea la défense de Moscou en 1941 et participa à la prise de Berlin en 1945 ? Gueorgui Joukov
11%
Où fut signée la reddition officielle du Japon en septembre 1945 ? USS Missouri / Baie de Tokyo
7%
Quel camp de concentration fut libéré en premier par les forces alliées en juillet 1944 ? Majdanek
2%
Aucun quiz correspondant
Distribution des résultats
% des personnes avec chaque résultat
Percentile par nombre de réponses
Votre historique - résultats
Vous n’avez pas pris ce quiz depuis la dernière actualisation